MLB Opening Day Lineups 2024 - Statistics

General Stats
  • This quiz has been taken 2,389 times
    2,388 since last reset
  • The average score is 132 of 300
Answer Stats
Team Pos Answer % Correct
Blue Jays 1B Vladimir Guerrero Jr.
88%
Blue Jays SS Bo Bichette
84%
Braves RF Ronald Acuna Jr.
83%
Guardians DH David Fry
81%
Yankees CF Aaron Judge
79%
Reds SS Elly De La Cruz
79%
Phillies SS Trea Turner
79%
Marlins DH Bryan De La Cruz
78%
Blue Jays DH Justin Turner
78%
Braves 1B Matt Olson
78%
Orioles SS Gunnar Henderson
77%
Dodgers DH Shohei Ohtani
77%
Dodgers C Will Smith
77%
Dodgers 1B Freddie Freeman
76%
Angels CF Mike Trout
76%
Dodgers SS Mookie Betts
76%
Braves 2B Ozzie Albies
76%
Phillies 1B Bryce Harper
75%
Blue Jays RF George Springer
75%
Guardians CF Tyler Freeman
75%
Braves 3B Austin Riley
74%
Twins CF Byron Buxton
74%
Astros 2B Jose Altuve
74%
Yankees RF Juan Soto
74%
Orioles C Adley Rutschman
73%
Astros DH Yordan Alvarez
73%
Mets SS Francisco Lindor
72%
Pirates SS Oneil Cruz
71%
Mets 1B Pete Alonso
71%
Marlins 1B Josh Bell
70%
Orioles SP Corbin Burnes
69%
Diamondbacks 2B Ketel Marte
69%
Braves DH Marcell Ozuna
69%
Braves CF Michael Harris II
69%
Braves SP Spencer Strider
69%
Mets RF Starling Marte
69%
Blue Jays C Alejandro Kirk
68%
Royals SS Bobby Witt Jr.
68%
Twins SS Carlos Correa
68%
Yankees DH Giancarlo Stanton
68%
Yankees 1B Anthony Rizzo
67%
Padres RF Fernando Tatis Jr.
67%
Mets C Francisco Alvarez
67%
Mariners CF Julio Rodriguez
67%
Red Sox 3B Rafael Devers
67%
Astros 3B Alex Bregman
66%
Yankees SS Anthony Volpe
66%
Rangers SS Corey Seager
66%
Guardians 3B Jose Ramirez
66%
Phillies DH Kyle Schwarber
66%
Braves C Sean Murphy
66%
Rays DH Harold Ramirez
65%
Phillies C J.T. Realmuto
65%
White Sox CF Luis Robert Jr.
65%
Orioles RF Anthony Santander
64%
Rockies C Elias Diaz
64%
Astros C Yainer Diaz
64%
Rays 1B Yandy Diaz
64%
Rangers RF Adolis Garcia
63%
Astros RF Kyle Tucker
63%
Nationals 2B Luis Garcia Jr.
63%
Royals 3B Maikel Garcia
63%
Dodgers LF Teoscar Hernandez
63%
Orioles CF Cedric Mullins
62%
Diamondbacks RF Corbin Carroll
62%
Royals C Salvador Perez
62%
Brewers LF Christian Yelich
61%
Yankees 2B Gleyber Torres
61%
Rangers 2B Marcus Semien
61%
Angels 3B Anthony Rendon
60%
Dodgers 3B Max Muncy
60%
Cardinals 1B Paul Goldschmidt
60%
Phillies SP Zack Wheeler
60%
Phillies 3B Alec Bohm
59%
Cardinals RF Jordan Walker
59%
Marlins 2B Luis Arraez
59%
Braves SS Orlando Arcia
59%
Cardinals C Willson Contreras
59%
Rays 2B Brandon Lowe
58%
Pirates LF Bryan Reynolds
58%
Diamondbacks 1B Christian Walker
58%
Cubs CF Cody Bellinger
58%
Astros 1B Jose Abreu
58%
Mariners SS J.P. Crawford
58%
Cardinals 3B Nolan Arenado
58%
Orioles 1B Ryan Mountcastle
58%
Padres DH Manny Machado
57%
Red Sox 2B Enmanuel Valdez
56%
Astros SP Framber Valdez
56%
Nationals SS CJ Abrams
55%
Marlins CF Jazz Chisholm Jr.
55%
Mets 2B Jeff McNeil
55%
Rays LF Randy Arozarena
55%
Mets LF Brandon Nimmo
54%
Astros SS Jeremy Pena
54%
Pirates 3B Ke'Bryan Hayes
54%
Giants 3B Matt Chapman
54%
Phillies 2B Bryson Stott
53%
Reds 2B Jonathan India
53%
Marlins SS Tim Anderson
53%
Diamondbacks SP Zac Gallen
53%
Cubs SS Dansby Swanson
52%
Blue Jays LF Daulton Varsho
52%
Padres SS Ha-Seong Kim
52%
Phillies RF Nick Castellanos
52%
White Sox 2B Nicky Lopez
52%
Twins SP Pablo Lopez
52%
Dodgers SP Tyler Glasnow
52%
Brewers C William Contreras
52%
Twins 3B Royce Lewis
51%
Guardians LF Steven Kwan
51%
Yankees LF Alex Verdugo
50%
Red Sox LF Jarren Duran
50%
Padres 2B Xander Bogaerts
50%
Pirates DH Andrew McCutchen
49%
Rangers 1B Ezequiel Duran
49%
Blue Jays SP Jose Berrios
49%
Diamondbacks CF Alek Thomas
48%
Phillies LF Brandon Marsh
48%
Mariners C Cal Raleigh
48%
Blue Jays 2B Cavan Biggio
48%
Dodgers 2B Gavin Lux
48%
Guardians 1B Josh Naylor
48%
Nationals RF Lane Thomas
48%
Diamondbacks LF Loudres Gurriel Jr.
48%
Yankees SP Nestor Cortes
48%
Tigers LF Riley Greene
48%
Red Sox SS Trevor Story
48%
Tigers SS Javier Baez
47%
Rangers 3B Josh Jung
47%
Mariners SP Luis Castillo
47%
Guardians SP Shane Bieber
47%
Red Sox 1B Triston Casas
47%
Athletics DH Brent Rooker
46%
Padres 1B Jake Cronenworth
46%
Rangers C Jonah Heim
46%
Nationals C Kiebert Ruiz
46%
Diamondbacks 3B Eugenio Suarez
45%
Yankees C Jose Trevino
45%
Nationals SP Josiah Gray
45%
Rockies LF Nolan Jones
45%
Yankees 3B Oswaldo Cabrera
45%
Cubs RF Seiya Suzuki
45%
White Sox LF Andrew Benintendi
44%
Giants SP Logan Webb
44%
Twins RF Max Kepler
44%
Brewers SS Willy Adames
44%
Padres SP Yu Darvish
44%
Orioles LF Austin Hays
43%
Dodgers CF James Outman
43%
Blue Jays CF Kevin Kiermaier
43%
Pirates CF Michael A. Taylor
43%
Pirates SP Mitch Keller
43%
Tigers 1B Spencer Torkelson
43%
Tigers SP Tarik Skubal
43%
Twins 1B Carlos Santana
42%
Diamondbacks C Gabriel Moreno
42%
Pirates C Henry Davis
42%
Marlins 3B Jake Burger
42%
Athletics 3B J.D. Davis
42%
Phillies CF Johan Rojas
42%
Mariners 3B Josh Rojas
42%
Pirates 1B Rowdy Tellez
42%
Rockies RF Charlie Blackmon
41%
White Sox DH Eloy Jimenez
41%
White Sox SP Garrett Crochet
41%
Brewers DH Gary Sanchez
41%
Cubs LF Ian Happ
41%
Marlins RF Jesus Sanchez
41%
Red Sox C Connor Wong
40%
Rockies 1B Kris Bryant
40%
Reds LF Spencer Steer
40%
Angels LF Taylor Ward
40%
White Sox 3B Yoan Moncada
40%
Guardians 2B Andres Gimenez
39%
White Sox 1B Andrew Vaughn
39%
Astros LF Chas McCormick
39%
Orioles 2B Jorge Mateo
39%
Giants CF Jung-Hoo Lee
39%
Rangers SP Nathan Eovaldi
39%
Orioles 3B Ramon Urias
39%
Braves LF Jarred Kelenic
38%
Twins C Ryan Jeffers
38%
Rays 3B Isaac Paredes
37%
Mariners 2B Jorge Polanco
37%
Giants DH Jorge Soler
37%
Angels C Logan O'Hoppe
37%
Mariners 1B Ty France
37%
Royals 1B Vinnie Pasquantino
37%
Mets 3B Brett Baty
36%
Brewers SP Freddy Peralta
36%
Dodgers RF Jason Heyward
36%
Cubs 2B Nico Hoerner
36%
Brewers 1B Rhys Hoskins
36%
Angels SS Zach Neto
36%
Cubs SP Justin Steele
35%
Red Sox DH Masataka Yoshida
35%
Reds C Tyler Stephenson
35%
Athletics SP Alex Wood
34%
Diamondbacks SS Geraldo Perdomo
34%
Red Sox SP Brayan Bello
33%
Rockies SS Ezequiel Tovar
33%
Mets CF Harrison Bader
33%
Padres CF Jackson Merrill
33%
Rays CF Jose Siri
33%
Royals SP Cole Ragans
32%
Rangers LF Evan Carter
32%
Brewers RF Jackson Chourio
32%
Orioles DH Jordan Westburg
32%
Giants 1B LaMonte Wade Jr.
32%
Rockies 3B Ryan McMahon
32%
Athletics C Shea Langeliers
32%
Red Sox RF Tyler O'Neill
32%
Padres 3B Tyler Wade
32%
Padres LF Jurickson Profar
31%
Mariners DH Mitch Garver
31%
Rangers DH Wyatt Langford
31%
Rockies 2B Brendan Rodgers
30%
Cubs DH Christopher Morel
30%
Mariners RF Mitch Haniger
30%
Cardinals 2B Nolan Gorman
30%
Nationals CF Eddie Rosario
29%
Nationals 1B Joey Gallo
29%
Angels SP Patrick Sandoval
29%
Reds 1B Christian Encarnacion-Strand
28%
Pirates RF Connor Joe
28%
White Sox C Martin Maldonado
28%
Cardinals SP Miles Mikolas
28%
Angels 1B Nolan Schanuel
28%
Giants C Patrick Bailey
28%
Rays SP Zach Eflin
28%
Athletics 2B Zack Gelof
28%
Red Sox CF Ceddanne Rafaela
27%
Cardinals SS Masyn Winn
27%
Athletics LF Seth Brown
27%
Cubs C Yan Gomes
27%
Royals RF Hunter Renfroe
26%
Marlins SP Jesus Luzardo
26%
Rockies SP Kyle Freeland
26%
Giants RF Mike Yastrzemski
26%
Royals LF MJ Melendez
26%
Reds CF Will Benson
26%
Blue Jays 3B Isiah Kiner-Falefa
25%
Astros CF Jake Meyers
25%
Reds 3B Jeimer Candelario
25%
Nationals LF Jesse Winker
25%
Nationals DH Joey Meneses
25%
Mets SP Jose Quintana
25%
Athletics RF Lawrence Butler
25%
Giants LF Michael Conforto
25%
White Sox SS Paul DeJong
25%
Royals 2B Adam Frazier
24%
Cardinals LF Brendan Donovan
24%
Reds RF Jake Fraley
24%
Padres C Luis Campusano
23%
Cubs 1B Michael Busch
23%
Guardians C Austin Hedges
22%
Angels 2B Brandon Drury
22%
Reds SP Frankie Montas
22%
Rangers CF Leody Taveras
22%
Giants 2B Thairo Estrada
22%
Rockies CF Brenton Doyle
21%
Tigers C Jake Rogers
21%
Twins DH Manuel Margot
21%
Angels DH Miguel Sano
21%
Athletics 1B Ryan Noda
21%
Royals CF Kyle Isbel
20%
Athletics CF J.J. Bleday
19%
Tigers CF Parker Meadows
19%
Twins LF Willi Castro
19%
Angels RF Aaron Hicks
18%
Guardians SS Brayan Rocchio
17%
Mets DH DJ Stewart
17%
White Sox RF Kevin Pillar
17%
Tigers DH Mark Canha
17%
Giants SS Nick Ahmed
17%
Marlins C Nick Fortes
17%
Cubs 3B Nick Madrigal
17%
Cardinals CF Victor Scott II
17%
Cardinals DH Alec Burleson
16%
Marlins LF Nick Gordon
16%
Guardians RF Ramon Laureano
16%
Tigers 2B Colt Keith
15%
Brewers 2B Joey Ortiz
15%
Rays SS Jose Caballero
15%
Twins 2B Kyle Farmer
14%
Tigers RF Matt Vierling
14%
Athletics SS Nick Allen
14%
Pirates 2B Jared Triolo
13%
Tigers 3B Andy Ibanez
12%
Nationals 3B Nick Senzel
12%
Rays C Rene Pinto
12%
Diamondbacks DH Blaze Alexander
11%
Rockies DH Elehuris Montero
11%
Rays RF Richie Palacios
11%
Mariners LF Dominic Canzone
10%
Reds DH Nick Martini
10%
Brewers 3B Andruw Monasterio
9%
Brewers CF Blake Perkins
9%
Royals DH Nelson Velazquez
9%
No matching quizzes found
Score Distribution
Percent of People with Each Score
Percentile by Number Answered
Your Score History
You have not taken this quiz since the last reset